Statistics for Pairs #4

Click here to take the quiz!

General Stats

  • This quiz has been taken 126 times
  • The average score is 16 of 25

Answer Stats

HintAnswer% Correct
CauseEffect
86%
EachEvery
84%
SafeSound
81%
WarmFuzzy
80%
OldYoung
78%
PeasCarrots
76%
PeachesCream
76%
GrinsGiggles
76%
HitRun
76%
HighMighty
74%
RoomBoard
73%
BodySoul
73%
SlingsArrows
69%
CareAttention
69%
OddsEnds
69%
FurFeathers
68%
FormFunction
61%
SoupSalad
60%
HammerTongs
53%
HookEye
52%
ChickenDumplings
51%
GoodPlenty
49%
FitsStarts
41%
SoundFury
34%
BackFill
27%

Score Distribution

Percentile by Number Answered

Percent of People with Each Score

Your Score History

You have not taken this quiz